[Event "CZE-chT1E 1213"]
[Site "Czech Republic"]
[Date "2013.03.17"]
[Round "9.8"]
[White "Benco, Pavel"]
[Black "Zigo, Viktor"]
[Result "0-1"]
[WhiteElo "2156"]
[BlackElo "2240"]
[PlyCount "78"]
[EventDate "2012.10.21"]
[EventType "team-tourn"]
[EventRounds "11"]
[EventCountry "CZE"]
[SourceTitle "EXT 2014"]
[Source "ChessBase"]
[SourceDate "2013.11.20"]
[SourceVersion "1"]
[SourceVersionDate "2013.11.20"]
[SourceQuality "1"]
[WhiteTeam "Beskydy Chess School II"]
[BlackTeam "Jihlava"]
[WhiteTeamCountry "CZE"]
[BlackTeamCountry "CZE"]

1. e4 e5 2. Nf3 Nc6 3. Bb5 a6 4. Ba4 Nf6 5. 0-0 Be7 6. Re1 b5 7. Bb3 d6 8. c3 0-0 9. h3 Na5 10. Bc2 c5 11. d4 exd4 12. cxd4 Bb7 13. Nc3 b4 14. Na4 Re8 15. Bf4 g6 16. dxc5 dxc5 17. Qe2 Nh5 18. Be5 Nc6 19. Rad1 Qa5 20. Bb3 Rad8 21. Qc4 Rf8 22. Bh2 Ng7 23. Rd5 Ne6 24. Be5 Qb5 25. Qc1 Nxe5 26. Nxe5 Bxd5 27. exd5 Nd4 28. Bc4 Qxa4 29. b3 Qa5 30. Qh6 Nf5 31. Qc1 Bf6 32. g4 Nd4 33. Nxf7 Rxf7 34. d6 Nf3+ 35. Kf1 Nxe1 36. Qxe1 Kg7 37. g5 Bc3 38. Qe4 Rdd7 39. Qe8 Qd8 0-1

[Event "CZE-chT2F 1011"]
[Site "Czech Republic"]
[Date "2011.04.10"]
[Round "11.2"]
[White "Benco, Pavel"]
[Black "Firt, Stanislav"]
[Result "1-0"]
[WhiteElo "2167"]
[BlackElo "2330"]
[PlyCount "63"]
[EventDate "2010.10.17"]
[EventType "team-tourn"]
[EventRounds "11"]
[EventCountry "CZE"]
[SourceTitle "EXT 2012"]
[Source "ChessBase"]
[SourceDate "2011.11.24"]
[SourceVersion "1"]
[SourceVersionDate "2011.11.24"]
[SourceQuality "1"]
[WhiteTeam "Frydek Mistek II"]
[BlackTeam "Ostrava Labortech II"]
[WhiteTeamCountry "CZE"]
[BlackTeamCountry "CZE"]

1. e4 c5 2. Nf3 d6 3. d4 cxd4 4. Nxd4 Nf6 5. Nc3 Nc6 6. Bg5 e6 7. Qd2 a6 8. 0-0-0 Bd7 9. f3 Rc8 10. Kb1 Be7 11. h4 b5 12. Nxc6 Bxc6 13. Ne2 Qc7 14. Nd4 Bb7 15. g4 h5 16. gxh5 Rxh5 17. Bh3 Qc4 18. Rhg1 Rd8 19. b3 Qc8 20. Qe2 g6 21. Qg2 Rh8 22. Bd2 Rxh4 23. Ba5 Rh6 24. Rh1 Nh5 25. Bg4 Qc5 26. Nxe6 fxe6 27. Bxh5 Bf6 28. Bxg6+ Kd7 29. Rxh6 Qa3 30. Rh7+ Kc8 31. Rc7+ Kb8 32. Bc3 1-0

[Event "CZE-chT2F 1011"]
[Site "Czech Republic"]
[Date "2010.11.21"]
[Round "3.2"]
[White "Macicek, Jakub"]
[Black "Benco, Pavel"]
[Result "1-0"]
[WhiteElo "2199"]
[BlackElo "2167"]
[PlyCount "75"]
[EventDate "2010.10.17"]
[EventType "team-tourn"]
[EventRounds "11"]
[EventCountry "CZE"]
[SourceTitle "EXT 2012"]
[Source "ChessBase"]
[SourceDate "2011.11.24"]
[SourceVersion "1"]
[SourceVersionDate "2011.11.24"]
[SourceQuality "1"]
[WhiteTeam "Senov"]
[BlackTeam "Frydek Mistek II"]
[WhiteTeamCountry "CZE"]
[BlackTeamCountry "CZE"]

1. e4 c5 2. b3 e6 3. Nf3 Nc6 4. Bb2 a6 5. g3 d6 6. Bg2 Nf6 7. d3 Be7 8. 0-0 Qc7 9. Re1 e5 10. Nbd2 h5 11. Nf1 Ng4 12. h3 Nf6 13. c3 Bd7 14. d4 0-0-0 15. b4 g5 16. Nxg5 Rdg8 17. h4 Ng4 18. Nf3 Rg6 19. Qe2 Rhg8 20. a4 Nh6 21. Ne3 Bf6 22. Nd5 Qd8 23. b5 Nb8 24. dxc5 Bg4 25. cxd6 Kd7 26. c4 Ke8 27. Qe3 Nd7 28. Nxf6+ Qxf6 29. Rad1 Bxf3 30. Qxf3 Qe6 31. Rd5 Ng4 32. Qf5 Nxf2 33. Bxe5 Ng4 34. Bf4 Ngf6 35. Rd4 Rg4 36. Qxe6+ fxe6 37. e5 Nh7 38. Bxb7 1-0

[Event "CZE-chT2F 0910"]
[Site "Czech Republic"]
[Date "2010.03.14"]
[Round "9.3"]
[White "Benco, Pavel"]
[Black "Vanek, Ladislav"]
[Result "0-1"]
[WhiteElo "2170"]
[BlackElo "2165"]
[PlyCount "102"]
[EventDate "2009.10.18"]
[EventType "team-tourn"]
[EventRounds "11"]
[EventCountry "CZE"]
[SourceTitle "EXT 2012"]
[Source "ChessBase"]
[SourceDate "2011.11.24"]
[SourceVersion "1"]
[SourceVersionDate "2011.11.24"]
[SourceQuality "1"]
[WhiteTeam "Frydek Mistek II"]
[BlackTeam "Bruntal"]
[WhiteTeamCountry "CZE"]
[BlackTeamCountry "CZE"]

1. e4 c5 2. Nf3 d6 3. d4 cxd4 4. Nxd4 Nf6 5. Nc3 a6 6. Be3 e5 7. Nb3 Be6 8. f3 Be7 9. Qd2 Nbd7 10. g4 Nb6 11. g5 Nfd7 12. 0-0-0 0-0 13. h4 a5 14. a4 Qc8 15. Kb1 Nc4 16. Qf2 Qc6 17. Nb5 Nxe3 18. Qxe3 Nb6 19. Qc3 Rfc8 20. Qxc6 bxc6 21. Nc3 d5 22. exd5 cxd5 23. Bb5 Bb4 24. Na2 Bf5 25. Rh2 Bd6 26. Rhd2 Nc4 27. Bxc4 Rxc4 28. Nc3 d4 29. Nd5 Rb8 30. Nxa5 Rxa4 31. Nc6 Rba8 32. b4 Be6 33. c4 Bf5+ 34. Rd3 Ra1+ 35. Kb2 R8a2+ 36. Kb3 Ra3+ 37. Kb2 R1a2+ 38. Kb1 Rxd3 39. Nce7+ Bxe7 40. Kxa2 Bxg5 41. Rxd3 Bxd3 42. Kb3 Bxh4 43. b5 Bd8 44. b6 Bxb6 45. Nxb6 h5 46. c5 Bb5 47. Nc4 f6 48. Nd6 Bc6 49. Nf5 Kf7 50. f4 g6 51. Nh4 g5 0-1

[Event "CZE-chT2F 0910"]
[Site "Czech Republic"]
[Date "2010.02.28"]
[Round "8.1"]
[White "Kanovsky, David"]
[Black "Benco, Pavel"]
[Result "1-0"]
[WhiteElo "2471"]
[BlackElo "2170"]
[PlyCount "73"]
[EventDate "2009.10.18"]
[EventType "team-tourn"]
[EventRounds "11"]
[EventCountry "CZE"]
[SourceTitle "EXT 2012"]
[Source "ChessBase"]
[SourceDate "2011.11.24"]
[SourceVersion "1"]
[SourceVersionDate "2011.11.24"]
[SourceQuality "1"]
[WhiteTeam "Grygov II"]
[BlackTeam "Frydek Mistek II"]
[WhiteTeamCountry "CSR"]
[BlackTeamCountry "CZE"]

1. e4 c5 2. Nf3 e6 3. b3 Nc6 4. Bb2 d6 5. Bb5 Bd7 6. 0-0 Nge7 7. Re1 e5 8. c3 g6 9. d4 Bg7 10. Na3 0-0 11. h3 f5 12. dxc5 dxc5 13. Bc4+ Kh8 14. Ng5 fxe4 15. Nf7+ Rxf7 16. Bxf7 e3 17. Rxe3 Qf8 18. Qxd7 Qxf7 19. Rd1 Rd8 20. Qg4 Nf5 21. Red3 Rf8 22. Rd7 Qe6 23. Nc4 e4 24. Rxb7 h5 25. Qe2 Nd8 26. Rb8 Qe7 27. Qd2 Ne6 28. Rxf8+ Qxf8 29. Qd5 Nf4 30. Qxe4 Nh4 31. Ne5 Kh7 32. Rd7 Nhxg2 33. c4 Qf6 34. Nxg6 Nxh3+ 35. Kxg2 Qxf2+ 36. Kxh3 Qf1+ 37. Kh4 1-0

[Event "CZE-chT2f 0607"]
[Site "Czech Republic"]
[Date "2007.03.03"]
[Round "9.5"]
[White "Taus, Martin"]
[Black "Benco, Pavel"]
[Result "0-1"]
[WhiteElo "2101"]
[BlackElo "2126"]
[PlyCount "52"]
[EventDate "2006.10.14"]
[EventType "team"]
[EventRounds "11"]
[EventCountry "CZE"]
[SourceTitle "EXT 2009"]
[Source "ChessBase"]
[SourceDate "2008.11.26"]
[SourceVersion "1"]
[SourceVersionDate "2008.11.26"]
[SourceQuality "1"]

1. d4 d5 2. c4 e5 3. dxe5 d4 4. Nf3 Nc6 5. g3 Bg4 6. Bg2 Qd7 7. 0-0 Nge7 8. a3 0-0-0 9. Ng5 Nxe5 10. f4 h6 11. Ne4 N5c6 12. Nc5 Qd6 13. b4 d3 14. Qxd3 Qf6 15. Qc3 Nd4 16. Kh1 Bxe2 17. Bxb7+ Kb8 18. Rf2 Nec6 19. Ba6 Ne5 20. Bb5 Ng4 21. Be3 Nxb5 22. cxb5 Rd1+ 23. Kg2 Qxc3 24. Nxc3 Nxe3+ 25. Kh3 Bg4+ 26. Kh4 Be7# 0-1

[Event "CZE-chT2f 0607"]
[Site "Czech Republic"]
[Date "2007.01.13"]
[Round "6.5"]
[White "Ockay, Tomas"]
[Black "Benco, Pavel"]
[Result "1/2-1/2"]
[WhiteElo "2123"]
[BlackElo "2126"]
[PlyCount "86"]
[EventDate "2006.10.14"]
[EventType "team"]
[EventRounds "11"]
[EventCountry "CZE"]
[SourceTitle "EXT 2009"]
[Source "ChessBase"]
[SourceDate "2008.11.26"]
[SourceVersion "1"]
[SourceVersionDate "2008.11.26"]
[SourceQuality "1"]

1. Nf3 d5 2. b3 Nf6 3. Bb2 e6 4. e3 Nbd7 5. Be2 Bd6 6. d4 0-0 7. 0-0 b6 8. c4 Bb7 9. Nc3 a6 10. Rc1 h6 11. Qc2 Rc8 12. Rfd1 Qe7 13. Na4 Ne4 14. Ne5 dxc4 15. bxc4 Bxe5 16. dxe5 Ndc5 17. Ba3 Qh4 18. g3 Qh3 19. Bf1 Qf5 20. Nxc5 bxc5 21. f4 Rfd8 22. Bg2 h5 23. Qe2 Ba8 24. Bf3 Qh3 25. Bg2 Qf5 26. Rxd8+ Rxd8 27. Rd1 Rb8 28. Qd3 Kh7 29. Kf1 g6 30. Kg1 Kg7 31. Bc1 h4 32. gxh4 Rh8 33. Bd2 Qg4 34. Rf1 Qxh4 35. h3 Rd8 36. Be1 Rxd3 37. Bxh4 Rd2 38. Bf6+ Kh7 39. Bxe4 Bxe4 40. Rf2 Rxf2 41. Kxf2 Bd3 42. Be7 Bxc4 43. a3 Bd5 1/2-1/2

[Event "Stare Mesto op"]
[Site "Stare Mesto"]
[Date "2006.08.17"]
[Round "8"]
[White "Dauth, Benjamin"]
[Black "Benco, Pavel"]
[Result "1-0"]
[WhiteElo "2341"]
[BlackElo "2116"]
[PlyCount "115"]
[EventDate "2006.08.11"]
[EventType "swiss"]
[EventRounds "10"]
[EventCountry "CZE"]
[SourceTitle "CBM 113 Extra"]
[Source "ChessBase"]
[SourceDate "2006.09.14"]
[SourceVersion "1"]
[SourceVersionDate "2006.09.14"]
[SourceQuality "1"]

1. e4 e6 2. d4 d5 3. exd5 exd5 4. Bd3 Bd6 5. Qf3 Nf6 6. h3 0-0 7. Bg5 Nbd7 8. Nc3 c6 9. Nge2 Re8 10. 0-0 Qb6 11. a3 Be7 12. Na4 Qd8 13. Ng3 Nf8 14. Rae1 Ne6 15. Be3 g6 16. Ne2 Bd6 17. c3 b6 18. c4 Ne4 19. Bxe4 dxe4 20. Qxe4 Nc5 21. Qxc6 Bb7 22. Qb5 Ba6 23. Qb4 Nd3 24. Qc3 Nxe1 25. Rxe1 Rc8 26. b3 Qe7 27. Ra1 Bb7 28. Qd3 Be4 29. Qd1 Bxa3 30. Nac3 Bb2 31. Ra2 Bxc3 32. Nxc3 Rcd8 33. Nxe4 Qxe4 34. Rxa7 b5 35. c5 Qd5 36. Qc2 Ra8 37. Rxa8 Rxa8 38. Qd3 b4 39. Bf4 Rd8 40. Bd6 Re8 41. Qb5 Re1+ 42. Kh2 Qxb3 43. Qb8+ Kg7 44. Bf8+ Kf6 45. Qf4+ Ke6 46. Qd6+ Kf5 47. g4+ Ke4 48. Qe5+ Kd3 49. Qxe1 Qc2 50. c6 b3 51. Qe3+ Kc4 52. c7 Kb5 53. Bc5 b2 54. c8Q b1Q 55. Qd7+ Kc4 56. Qxf7+ Kb5 57. Qb7+ Kc4 58. Qa6+ 1-0

[Event "Stare Mesto op"]
[Site "Stare Mesto"]
[Date "2005.08.17"]
[Round "7"]
[White "Benco, Pavel"]
[Black "Marcin, Vladimir"]
[Result "0-1"]
[WhiteElo "2158"]
[BlackElo "2039"]
[PlyCount "63"]
[EventDate "2005.08.12"]
[EventType "swiss"]
[EventRounds "9"]
[EventCountry "CZE"]
[SourceTitle "EXT 2006"]
[Source "ChessBase"]
[SourceDate "2005.11.24"]
[SourceVersion "1"]
[SourceVersionDate "2005.11.24"]
[SourceQuality "1"]

1. d4 d5 2. c4 e6 3. Nc3 Nf6 4. e3 Be7 5. Bd3 0-0 6. Nf3 dxc4 7. Bxc4 b6 8. 0-0 Bb7 9. Ne5 Nbd7 10. f4 c5 11. b3 Ne4 12. Bb2 Nxc3 13. Bxc3 Nf6 14. f5 exf5 15. Rxf5 Qc8 16. Qf1 a6 17. a4 Be4 18. Rf4 Qb7 19. Ra2 Bd5 20. Bd3 Bxb3 21. Rb2 Bd5 22. Rxf6 Bxf6 23. Qf5 Rfd8 24. Qxh7+ Kf8 25. dxc5 Rac8 26. Bb4 bxc5 27. Bc3 Qc7 28. Qh5 g6 29. Nxg6+ fxg6 30. Rf2 gxh5 31. Bxf6 Bf7 32. Bc4 0-1